000 00917nas a2200313 4500
001 BR2013004177
003 BR-BrBNA
005 20231205122406.0
007 ta
008 230509b bl.|||p| |||| 00| 00por d
040 _aBR-BrBNA
_bpor
_cBiblioteca Nacional de Agricultura
041 _a(Pt)
072 _aH20
100 1 _aMedeiros, E.V. de
100 1 _aSales Júnior, R.
100 1 _aMichereff, S.J.
245 1 _aEficiência de fungicidas no controle "in vitro" de Monosporascus cannonballus
650 _aMELÃO
650 _aCONTROLE QUÍMICO
650 _aFUNGO
650 _aMORTE SUBITA
650 _aDOENÇA DE PLANTA
650 _aINIBIDOR DE CRESCIMENTO
650 _aFUNGICIDA
650 _aCULTURA IN VITRO
773 0 _tCaatinga (Brazil)
_xISSN 0100-316X
_g(Oct-Dez 2006), v. 19(4) p. 360-368
_wBR2013004177
909 _a202311
_bLúcia
_c55
_dLúcia Elande
942 _2AGRIS
_n0
_cANA
999 _c228414
_d228414